The Costume History : From Ancient Times to the 19th Century : All Plates in Colour /
La Bibliotheca Universalis está constituida por una selección del catálogo histórico de Taschen reeditada en formato compacto y de menor precio que el de la edición de partida de cada uno de los títulos incluidos, para conformar una colección accesible de arte y cultura.
Gorde:
| Egile nagusia: | |
|---|---|
| Beste egile batzuk: | , |
| Formatua: | Liburua |
| Hizkuntza: | ingelesa |
| Argitaratua: |
Colonia, Alemania :
Taschen,
2016, c2016
|
| Saila: | (Bibliotheca Universalis)
|
| Gaiak: | |
| Etiketak: |
Etiketarik gabe, Izan zaitez lehena erregistro honi etiketa jartzen!
|
MARC
| LEADER | 00000nam^a2200000^a^4500 | ||
|---|---|---|---|
| 001 | 000408703 | ||
| 005 | 20250521000000.0 | ||
| 008 | 170630 | ||
| 009 | 20260310121959.96 | ||
| 020 | |a 978-3-8365-5540-1 | ||
| 037 | |a Acervo ITESO - Biblioteca | ||
| 041 | |a GRA | ||
| 041 | |a ING | ||
| 082 | |a 709. |b BIB V. 9 | ||
| 100 | |a Racinet, Auguste |e (autor) | ||
| 240 | 1 | 1 | |a [Historia ilustrada del vestido] |
| 245 | 1 | 4 | |a The Costume History : |b From Ancient Times to the 19th Century : All Plates in Colour / |c A. Racinet ; comp. de D. Sausset ; introd. de F. Tétart-Vittu ; tr. por Chris Miller. |
| 246 | 2 | |a Título en la cubierta: The Costume History | |
| 264 | 4 | |a Colonia, Alemania : |b Taschen, |c 2016, c2016 | |
| 300 | |a 749 p. | ||
| 336 | |a texto |b txt |2 rdacontenido | ||
| 337 | |a sin mediación |b n |2 rdamedio | ||
| 338 | |a volumen |b nc |2 rdasoporte | ||
| 440 | 1 | |a (Bibliotheca Universalis) | |
| 500 | |a Traducción de: Le costume historique: du monde antique au XIXe siècle: les planches complètes en couleurs | ||
| 520 | |a La Bibliotheca Universalis está constituida por una selección del catálogo histórico de Taschen reeditada en formato compacto y de menor precio que el de la edición de partida de cada uno de los títulos incluidos, para conformar una colección accesible de arte y cultura. | ||
| 520 | |a Texto bella y profusamente ilustrado que cuenta la evolución de la moda, de las grandes culturas de la antigüedad al siglo XIX, época en que el título fue publicado por vez primera (entre 1876 y 1888). Incluye los grabados de la edición original. | ||
| 546 | |a Edición gráfica con texto en inglés | ||
| 649 | |a XX | ||
| 650 | |a Diseño de Moda - |x Historia | ||
| 650 | |a Moda - |x Historia - |x Tema Principal | ||
| 650 | |a Moda - |x Aspectos Sociales y Culturales | ||
| 650 | |a Vestido - |x Historia | ||
| 650 | |a Vestuario - |x Historia - |x Tema Principal | ||
| 650 | |a Accesorios Personales - |x Historia | ||
| 650 | |a Arreglo y Cuidado Personal | ||
| 650 | |a Imagen Personal | ||
| 650 | |a Identidad Personal | ||
| 650 | |a Identidad Cultural | ||
| 650 | |a Sociología de la Cultura | ||
| 650 | |a Antropología Cultural | ||
| 650 | |a Historia Social | ||
| 650 | |a Historia Universal | ||
| 700 | |a Sausset, Damien |e (compilación) | ||
| 700 | |a Tétart-Vittu, Françoise |e (introducción) | ||
| 910 | |a Fondo General | ||
| 920 | |a Impresos - Libros | ||
| 930 | |a Reserva Especial | ||
| 905 | |a 103 | ||
| 901 | |a 0500316361 |b IT1 |c REE |i C161213 |u 20250521 | ||
| 902 | |a https://opac.biblio.iteso.mx/vufind/Record/000408703 | ||